| 000 | 00743nam a2200253 4500 | ||
|---|---|---|---|
| 001 | 36319 | ||
| 003 | BD-RjUL | ||
| 005 | 20211209052453.0 | ||
| 008 | 140619s1970 ii 001 0 eng | ||
| 035 | _a(BD-RjUL)36416 | ||
| 040 |
_aDLC _cDLC _dBD-RjUL _beng |
||
| 041 | _aeng | ||
| 082 | 0 | 0 |
_a320.954 _bGOI 1970 |
| 100 | 1 |
_aGopalaswami, R. A., _d1902- _9110525 |
|
| 245 | 1 | 0 |
_aIndian polity : _ba plea for reform / _cby R. A. Gopalaswami. Foreword by V. M. Dandekar. |
| 260 |
_aBombay : _bNachiketa Publications, _c1970. |
||
| 300 |
_a224 p. ; _c23 cm. |
||
| 350 | _a26.00 | ||
| 504 | _aIncludes index. | ||
| 651 | 0 |
_aIndia _xPolitics and government _y1947- _9110526 |
|
| 942 |
_2ddc _cBK |
||
| 999 |
_c36319 _d36319 |
||